<?xml version="1.0" encoding="UTF-8"?>
<record
    xmlns:xsi="http://www.w3.org/2001/XMLSchema-instance"
    xsi:schemaLocation="http://www.loc.gov/MARC21/slim http://www.loc.gov/standards/marcxml/schema/MARC21slim.xsd"
    xmlns="http://www.loc.gov/MARC21/slim">

  <leader>01368nam a2200337 i 4500</leader>
  <controlfield tag="003">DO-SdBNP</controlfield>
  <controlfield tag="005">20250711145018.0</controlfield>
  <controlfield tag="007">ta</controlfield>
  <controlfield tag="008">250711b1995    dr b   | |||| 00| 0 spa d</controlfield>
  <datafield tag="040" ind1=" " ind2=" ">
    <subfield code="a">DO-SdBNP</subfield>
    <subfield code="b">spa</subfield>
    <subfield code="c">BNPHU</subfield>
    <subfield code="e">rda</subfield>
  </datafield>
  <datafield tag="041" ind1=" " ind2=" ">
    <subfield code="a">spa</subfield>
  </datafield>
  <datafield tag="082" ind1=" " ind2=" ">
    <subfield code="a">xxx</subfield>
    <subfield code="b">xxx</subfield>
    <subfield code="2">22</subfield>
  </datafield>
  <datafield tag="110" ind1="1" ind2=" ">
    <subfield code="a">Rep&#xFA;blica Dominicana :</subfield>
    <subfield code="b">Instituto Nacional de Recursos Hidr&#xE1;ulicos (INDRHI) /</subfield>
    <subfield code="c">presentaci&#xF3;n Francisco T. Rodr&#xED;guez</subfield>
    <subfield code="9">65142</subfield>
  </datafield>
  <datafield tag="245" ind1="1" ind2="0">
    <subfield code="a">Distritos de riego de la Rep&#xFA;blica Dominicana /</subfield>
    <subfield code="b"> </subfield>
    <subfield code="c">compilador, Orlando Ram&#xED;rez</subfield>
  </datafield>
  <datafield tag="264" ind1=" " ind2="1">
    <subfield code="a">Santo Domingo :</subfield>
    <subfield code="b">INDRHI,</subfield>
    <subfield code="b">PROMAF,</subfield>
    <subfield code="c">1995.</subfield>
  </datafield>
  <datafield tag="300" ind1=" " ind2=" ">
    <subfield code="a">208 p&#xE1;ginas </subfield>
    <subfield code="b">mapas</subfield>
    <subfield code="c">28 cm.</subfield>
  </datafield>
  <datafield tag="336" ind1=" " ind2=" ">
    <subfield code="a">texto</subfield>
    <subfield code="b">txt</subfield>
    <subfield code="2">rdacontent</subfield>
  </datafield>
  <datafield tag="337" ind1=" " ind2=" ">
    <subfield code="a">sin mediaci&#xF3;n</subfield>
    <subfield code="b">n</subfield>
    <subfield code="2">rdamedia</subfield>
  </datafield>
  <datafield tag="338" ind1=" " ind2=" ">
    <subfield code="a">volumen</subfield>
    <subfield code="b">nc</subfield>
    <subfield code="2">rdacarrier</subfield>
  </datafield>
  <datafield tag="500" ind1=" " ind2=" ">
    <subfield code="a">Incluye datos biograf&#xED;cos del compilador en la contraportada. </subfield>
  </datafield>
  <datafield tag="590" ind1=" " ind2=" ">
    <subfield code="a">Inventariado, 2025/ YL</subfield>
  </datafield>
  <datafield tag="700" ind1="1" ind2=" ">
    <subfield code="a">Ram&#xED;rez, Orlando </subfield>
    <subfield code="e">compilador</subfield>
    <subfield code="4">com.</subfield>
    <subfield code="9">2670</subfield>
    <subfield code="q">Orlando Manuel Ramirez Montero</subfield>
  </datafield>
  <datafield tag="700" ind1="1" ind2=" ">
    <subfield code="a">Medrano, Horacio </subfield>
    <subfield code="e">colaborador</subfield>
    <subfield code="4">col.</subfield>
    <subfield code="9">88321</subfield>
  </datafield>
  <datafield tag="700" ind1="1" ind2=" ">
    <subfield code="a">Santos, Franklin </subfield>
    <subfield code="e">colaborador</subfield>
    <subfield code="4">col.</subfield>
    <subfield code="9">88322</subfield>
  </datafield>
  <datafield tag="700" ind1="1" ind2=" ">
    <subfield code="a">Polanco, Ileana </subfield>
    <subfield code="e">colaboradora</subfield>
    <subfield code="4">col.</subfield>
    <subfield code="9">88323</subfield>
  </datafield>
  <datafield tag="700" ind1="1" ind2=" ">
    <subfield code="a">Sirett, Esthefani </subfield>
    <subfield code="e">colaboradora</subfield>
    <subfield code="4">col.</subfield>
    <subfield code="9">88324</subfield>
  </datafield>
  <datafield tag="700" ind1="1" ind2=" ">
    <subfield code="a">Parras, Manuel </subfield>
    <subfield code="e">colaborador</subfield>
    <subfield code="4">col.</subfield>
    <subfield code="9">75380</subfield>
  </datafield>
  <datafield tag="710" ind1="1" ind2=" ">
    <subfield code="a">Centro de Planificaci&#xF3;n y Acci&#xF2;n Ecum&#xE9;nica (CEPAE)</subfield>
    <subfield code="9">85101</subfield>
  </datafield>
  <datafield tag="910" ind1=" " ind2=" ">
    <subfield code="a">YLockward</subfield>
  </datafield>
  <datafield tag="942" ind1=" " ind2=" ">
    <subfield code="2">ddc</subfield>
    <subfield code="c">LBS1</subfield>
  </datafield>
  <datafield tag="952" ind1=" " ind2=" ">
    <subfield code="0">0</subfield>
    <subfield code="1">0</subfield>
    <subfield code="2">ddc</subfield>
    <subfield code="5">1</subfield>
    <subfield code="7">0</subfield>
    <subfield code="8">PD</subfield>
    <subfield code="a">BNPHU</subfield>
    <subfield code="b">BNPHU</subfield>
    <subfield code="c">CT</subfield>
    <subfield code="d">2023-09-26</subfield>
    <subfield code="e">Donado por Bienvenido Brito</subfield>
    <subfield code="l">0</subfield>
    <subfield code="o">BNPHU PD xxx xxx</subfield>
    <subfield code="p">2025-6458</subfield>
    <subfield code="r">2025-07-11</subfield>
    <subfield code="w">2025-07-11</subfield>
    <subfield code="y">LBS1</subfield>
    <subfield code="z">Perteneci&#xF3; a la biblioteca personal de Bienvenido Brito</subfield>
  </datafield>
  <datafield tag="999" ind1=" " ind2=" ">
    <subfield code="c">59515</subfield>
    <subfield code="d">59515</subfield>
  </datafield>
</record>
